Normal view
MARC view
- Comedy
Entry Topical Term
001 - CONTROL NUMBER
- control field: 5446
003 - CONTROL NUMBER IDENTIFIER
- control field: JO-AjAnu
005 - DATE AND TIME OF LATEST TRANSACTION
- control field: 20230606071202.0
008 - FIXED-LENGTH DATA ELEMENTS
- fixed length control field: 230606|| aca||aabn | a|a d
040 ## - CATALOGING SOURCE
- Original cataloging agency: JO-AjAnu
- Transcribing agency: JO-AjAnu
150 ## - HEADING--TOPICAL TERM
- Topical term or geographic name entry element: Comedy
670 ## - SOURCE DATA FOUND
- Source citation: Work cat.: (JO-AjAnu)2812: pritchett,U.S, author 5445, George Mereditb and English Comedy: the Clark Lectures for 1969